[Event "RSA-ch U14"]
[Site "Gauteng"]
[Date "2017.04.07"]
[Round "4"]
[White "Eaton, Dante"]
[Black "Clarke, Abraham Christopher"]
[Result "1-0"]
[WhiteElo "1390"]
[BlackElo "1143"]
[PlyCount "109"]
[EventDate "2017.04.05"]
[EventType "swiss"]
[EventRounds "11"]
[EventCountry "RSA"]
[SourceTitle "CBM 177 Extra"]
[Source "ChessBase"]
[SourceDate "2017.04.27"]
[SourceVersion "1"]
[SourceVersionDate "2017.04.27"]
[SourceQuality "1"]

1. e4 c5 2. Nf3 Nc6 3. Bb5 e6 4. 0-0 Be7 5. c3 Nf6 6. Re1 0-0 7. d4 cxd4 8. cxd4 Re8 9. Nc3 h6 10. h3 d5 11. e5 Nd7 12. Ba4 Nb6 13. Bc2 Bf8 14. a3 a6 15. Qd3 g6 16. Nh2 Bg7 17. Ng4 Qh4 18. Rd1 Nd7 19. Qe3 Kh7 20. Qf3 Rf8 21. Kh2 f5 22. exf6 Nxf6 23. Nxf6+ Rxf6 24. Qg3 Qxg3+ 25. Kxg3 Bd7 26. Be3 Rf7 27. Na4 Na5 28. Nb6 Rd8 29. b4 Nc4 30. Nxc4 dxc4 31. h4 e5 32. Rac1 Bf5 33. d5 e4 34. a4 Be5+ 35. Bf4 Bxf4+ 36. Kxf4 Re8 37. Ke3 h5 38. Rd4 b5 39. Ra1 Rd7 40. axb5 axb5 41. Ra5 Rb7 42. Bxe4 c3 43. Ra1 c2 44. Rc1 Ra7 45. f3 Ra3+ 46. Kd2 Bxe4 47. Rxe4 Rc8 48. Re7+ Kh6 49. Rxc2 Rxc2+ 50. Kxc2 Ra2+ 51. Kd3 Rxg2 52. d6 Rg3 53. Ke3 Rh3 54. d7 Rxh4 55. d8Q 1-0

[Event "RSA-ch U14"]
[Site "Gauteng"]
[Date "2017.04.06"]
[Round "2"]
[White "Naidoo, Tashil"]
[Black "Clarke, Abraham Christopher"]
[Result "1/2-1/2"]
[WhiteElo "1302"]
[BlackElo "1143"]
[PlyCount "97"]
[EventDate "2017.04.05"]
[EventType "swiss"]
[EventRounds "11"]
[EventCountry "RSA"]
[SourceTitle "CBM 177 Extra"]
[Source "ChessBase"]
[SourceDate "2017.04.27"]
[SourceVersion "1"]
[SourceVersionDate "2017.04.27"]
[SourceQuality "1"]

1. e4 c5 2. Nc3 Nc6 3. f4 d6 4. Nf3 g6 5. Bb5 Bd7 6. Bxc6 Bxc6 7. d3 Bg7 8. 0-0 Nf6 9. Qe1 0-0 10. Qh4 Re8 11. f5 Rc8 12. fxg6 fxg6 13. Bh6 Bh8 14. Bg5 Rf8 15. Bxf6 Rxf6 16. Ng5 h5 17. Nd5 Bxd5 18. exd5 Qf8 19. Ne6 Qf7 20. c4 a6 21. Rf2 Rxf2 22. Qxf2 Qxf2+ 23. Kxf2 b5 24. Rb1 Bd4+ 25. Kf3 Bf6 26. b3 Be5 27. h3 b4 28. g4 hxg4+ 29. Kxg4 Bf6 30. Rf1 Kh7 31. h4 a5 32. Ng5+ Bxg5 33. Kxg5 Kg7 34. Re1 Kf7 35. d4 cxd4 36. Rd1 Ra8 37. Rxd4 a4 38. Rd3 a3 39. Rh3 Rh8 40. h5 Rxh5+ 41. Rxh5 gxh5 42. Kxh5 Kf6 43. Kh6 e6 44. dxe6 Kxe6 45. Kg6 Ke5 46. Kg5 Kd4 47. Kf4 d5 48. cxd5 Kxd5 49. Ke3 1/2-1/2

[Event "RSA-chT U12"]
[Site "Cape Town"]
[Date "2016.01.04"]
[Round "2.1"]
[White "Clarke, Abraham Christopher"]
[Black "Deang, Alman"]
[Result "1-0"]
[WhiteElo "1188"]
[BlackElo "1065"]
[PlyCount "47"]
[EventDate "2016.01.04"]
[EventType "team-tourn"]
[EventRounds "7"]
[EventCountry "RSA"]
[SourceTitle "CBM 170 Extra"]
[Source "ChessBase"]
[SourceDate "2016.02.25"]
[SourceVersion "1"]
[SourceVersionDate "2016.02.25"]
[SourceQuality "1"]
[WhiteTeam "Nelson Mandela Bay"]
[BlackTeam "Buffalo City"]
[WhiteTeamCountry "RSA"]
[BlackTeamCountry "RSA"]

1. d4 d5 2. Bf4 Nc6 3. Nf3 Bf5 4. e3 e6 5. a3 Nf6 6. c4 Be7 7. Nc3 0-0 8. h3 h6 9. c5 b6 10. Qa4 Qe8 11. Bb5 Qd8 12. Bxc6 Rb8 13. Qxa7 Rc8 14. Ne5 bxc5 15. dxc5 Be4 16. 0-0 Rb8 17. Nxe4 dxe4 18. Rfd1 Qc8 19. b4 Rd8 20. Rxd8+ Qxd8 21. Nd7 Nd5 22. Qxb8 Nxf4 23. Qxd8+ Bxd8 24. exf4 1-0

[Event "RSA-chT U12"]
[Site "Cape Town"]
[Date "2016.01.04"]
[Round "1.1"]
[White "Le Roux, Emile"]
[Black "Clarke, Abraham Christopher"]
[Result "1-0"]
[WhiteElo "1032"]
[BlackElo "1188"]
[PlyCount "67"]
[EventDate "2016.01.04"]
[EventType "team-tourn"]
[EventRounds "7"]
[EventCountry "RSA"]
[SourceTitle "CBM 170 Extra"]
[Source "ChessBase"]
[SourceDate "2016.02.25"]
[SourceVersion "1"]
[SourceVersionDate "2016.02.25"]
[SourceQuality "1"]
[WhiteTeam "Ekurhuleni"]
[BlackTeam "Nelson Mandela Bay"]
[WhiteTeamCountry "RSA"]
[BlackTeamCountry "RSA"]

1. d4 d5 2. c4 c6 3. Nc3 Nf6 4. Nf3 Bf5 5. Bf4 Nbd7 6. e3 e6 7. Be2 Bb4 8. a3 Bxc3+ 9. bxc3 0-0 10. 0-0 Nb6 11. c5 Nbd7 12. h3 h6 13. Bd3 Bxd3 14. Qxd3 Ne4 15. Rac1 Qa5 16. c4 Rac8 17. Ne5 Nxe5 18. Bxe5 Qa4 19. f3 Ng5 20. h4 Nh7 21. g4 f6 22. Bf4 a6 23. Qg6 Rf7 24. Kh1 Rcc7 25. Qc2 Qxc2 26. Rxc2 dxc4 27. Rxc4 Rc8 28. Rb1 Nf8 29. Kg2 h5 30. Bg3 Nd7 31. a4 Kf8 32. Rcc1 hxg4 33. fxg4 Nb8 34. a5 1-0